000 01012nam a2200253 a 4500
001 71676
003 BD-RjUL
005 20211209082139.0
008 170507r19611959nyua 001 0 eng d
035 _a(BD-RjUL)
040 _aDLC/ICU
_cICU
_dDLC
_dBD-RjUL
_beng
041 1 _aeng
082 0 0 _a530.8
_223
_bSES 1961
100 1 _aSedov, L. I.
_q(Leonid Ivanovich),
_d1907-1999.
_9212060
245 1 0 _aSimilarity and dimensional methods in mechanics /
_cL. I. Sedov ; translation edited by Maurice Holt. Translation by Morris Friedman from the 4th Russian ed.
260 _aNew York :
_bAcademic Press,
_cc1959 [Printing 1961]
300 _a363 p. :
_bill. ;
_c24 cm.
500 _aTranslation of [Metody podobii︠a︡ i razmernosti v mekhanike], first published under title: [Metody teorii razmernosti i teorii podobii︠a︡ v mekhanike]
500 _aIncludes index.
650 0 _aDimensional analysis.
_9131319
650 0 _aEngineering models.
_9212064
650 0 _aMechanics.
_9212065
942 _2ddc
_cBK
999 _c71676
_d71676